000 00526nmm a2200157Ia 4500
008 251105s9999||||xx |||||||||||||||||und||
041 _aspa
100 _aGarcía de León, Antonio
245 0 _aEl mar de los deseos :
_b El Caribe afroandaluz, historia y contrapunto
264 _a[México D.C., Mexico] :
_bFondo de Cultura Económica,
_c2016
300 _a299 páginas
490 _aHistoria
650 _aHistory of the Americas: Latin America
856 _uhttps://public.digitaliapublishing.com/a/64343
942 _cCF
999 _c99500
_d99500